000 00787nam a2200301Ia 4500
001 37409
003 IT-RoPAU
008 130308s9999 xx 000 0 und d
040 _aIT-RoPAU
040 _cIT-RoPAU
041 _aFRANCESE
100 _aBoulez Pierre
100 _gCodice Aut. SPICS: 8911
245 _aQuoi? quand? comment?
245 _bQuoi? Quand? Comment?-La Recherche Musicale
250 _a1a ed.
260 _aPARIS
260 _bBourgois Crhistian
260 _c1985 [1° Ed.:1985 - Ed.Ling.Originale:1985]
300 _a"15 p. (prefazione: no ; testo: 15 [pagine: 271-285])"
500 _aRicerca Musicale
650 _aTEORICHE MUSICALI
650 _eCodice materia Spics: 7005
942 _cBK
957 _71
999 _c58606
_d58606
999 _bSI
999 _g1